000 00674nam2a2200205 4500
001 RU\NLR\PER_A\003737214_000660
005 20250627130524.0
035 _a(NLR Aleph) 022433935
090 _a13346850
_c13346850
100 _a20250123d2024 |||y0rusy50 ca
101 0 _aeng
102 _aRU
200 0 _aVol. 22, № 4 (88) с указ.
210 _d2024
_aБ. м.
461 0 _1001RU\NLR\INFOCOMM_14\5000036041
_12001#$aRussia in global affairs$vVol. 22, № 4 (88) с указ.
_92887980
_cM.
_d2003-
_nGlobus
_tRussia in global affairs
_x1810-6374
_vVol. 22, № 4 (88) с указ.
852 _aNLR
_jP22/6367
942 _cISSUE
980 _aINPER
980 _aNB